Random Polish Words - Statistics

General Stats
  • This quiz has been taken 1,004 times
    999 since last reset
  • The average score is 7 of 11
Answer Stats
Hint Answer % Correct
Poland Polska
96%
Hello (informal) Cześć
89%
I am Ja jestem
89%
Good morning Dzien dobry
87%
You are Ty jesteś
87%
Warsaw Warszawa
84%
Fun Zabawa
64%
Welcome Witajcie
55%
Random Przypadkowy
45%
Quiz Kwiz
21%
Awesome Niesamowite
21%
No matching quizzes found
Score Distribution
Percent of People with Each Score
Percentile by Number Answered
Your Score History
You have not taken this quiz since the last reset